Fr. Conceicao Rodrigues College of Engineering

Communicatin skills in english (Record no. 18115)

MARC details
000 -LEADER
fixed length control field 00324nam a2200145Ia 4500
082 ## - DEWEY DECIMAL CLASSIFICATION NUMBER
Classification number 621.381548
Item number KUM
100 ## - MAIN ENTRY--PERSONAL NAME
Personal name Kumar/K.J
245 ## - TITLE STATEMENT
Title Communicatin skills in english
260 ## - PUBLICATION, DISTRIBUTION, ETC.
Name of publisher, distributor, etc. Vipul prakashan
Place of publication, distribution, etc. Bombay
Date of publication, distribution, etc. 1988
300 ## - PHYSICAL DESCRIPTION
Extent 172
546 ## - LANGUAGE NOTE
Language note ENGLISH
650 ## - SUBJECT ADDED ENTRY--TOPICAL TERM
Topical term or geographic name entry element English
654 ## - SUBJECT ADDED ENTRY--FACETED TOPICAL TERMS
Focus term communication
942 ## - ADDED ENTRY ELEMENTS (KOHA)
Koha item type BOOK
Holdings
Withdrawn status Lost status Damaged status Not for loan Collection Home library Current library Date acquired Cost, normal purchase price Total Checkouts Full call number Barcode Date last seen Price effective from Koha item type
        CRC Fr. Agnel's C.Rodrigues College of Engineering Fr. Agnel's C.Rodrigues College of Engineering 17/03/2023 22.00   621.381548 KUM 1941 17/03/2023 17/03/2023 BOOK